Freedom in Other Languages - Statistics

General Stats
  • This quiz has been taken 39 times
  • The average score is 17 of 20
Answer Stats
Freedom Language Family Language % Correct
Libertà Italic Italian
100%
Liberté Italic French
97%
Freiheit Germanic German
97%
ελευθερία Hellenic Greek
94%
Liberdade Italic Portuguese
94%
Libertad Italic Spanish
94%
Özgürlük Common Turkic Turkish
94%
フリーダム Japonic Japanese
91%
حرية Semitic Arabic
88%
自由 Sinitic Chinese
88%
เสรีภาพ Tai Thai
88%
חוֹפֶשׁ Semitic Hebrew
85%
आजादी Indo-Iranian Hindi
82%
자유 Sillan Korean
82%
Wolność Balto-Slavic Polish
82%
Szabadság Finno-Ugric Hungarian
79%
Brīvība Balto-Slavic Latvian
67%
Svoboda Balto-Slavic Czech
64%
Laisvė Balto-Slavic Lithuanian
61%
Uhuru Atlantic-Congo Swahili
39%
No matching quizzes found
Score Distribution
Percent of People with Each Score
Percentile by Number Answered
Your Score History
You have not taken this quiz